[Event "Hamburg HSK Elo op 3rd"]
[Site "Hamburg"]
[Date "2002.05.10"]
[Round "4"]
[White "Barlage, Tonio"]
[Black "Colpe, Helge"]
[Result "0-1"]
[WhiteElo "1901"]
[BlackElo "2099"]
[PlyCount "48"]
[EventDate "2002.05.09"]
[EventType "swiss"]
[EventRounds "7"]
[EventCountry "GER"]
[SourceTitle "CBM 088 Extra"]
[Source "ChessBase"]
[SourceDate "2002.07.01"]
[SourceVersion "2"]
[SourceVersionDate "2002.07.01"]
[SourceQuality "1"]

1. e4 e5 2. Bc4 Nc6 3. Nf3 Nf6 4. Ng5 d5 5. exd5 Nd4 6. c3 Nf5 7. Qf3 Nd6 8. Na3 h6 9. Nh3 Be7 10. d3 g5 11. Qe3 g4 12. Ng1 e4 13. dxe4 Ndxe4 14. Nc2 Bf5 15. Qf4 Bg6 16. Bb5+ Kf8 17. Nd4 Bd6 18. Qe3 Nxd5 19. Qe2 Qf6 20. Be3 Nf4 21. Qf1 c5 22. Nde2 a6 23. Nxf4 Bxf4 24. Bxf4 Qxf4 0-1

[Event "Hamburg HSK Elo op 3rd"]
[Site "Hamburg"]
[Date "2002.05.10"]
[Round "5"]
[White "Colpe, Helge"]
[Black "Ritz, Olaf"]
[Result "0-1"]
[WhiteElo "2099"]
[BlackElo "2073"]
[PlyCount "98"]
[EventDate "2002.05.09"]
[EventType "swiss"]
[EventRounds "7"]
[EventCountry "GER"]
[SourceTitle "CBM 088 Extra"]
[Source "ChessBase"]
[SourceDate "2002.07.01"]
[SourceVersion "2"]
[SourceVersionDate "2002.07.01"]
[SourceQuality "1"]

1. d4 d6 2. Nf3 Nf6 3. c4 Nbd7 4. Nc3 e5 5. e4 c6 6. Be2 Be7 7. 0-0 0-0 8. Re1 Re8 9. d5 Nc5 10. Bf1 a5 11. Nd2 Ng4 12. Nb3 Qb6 13. Nxc5 Qxc5 14. Qc2 Qb6 15. Na4 Qc7 16. h3 Nf6 17. Qb3 c5 18. Nb6 Ra6 19. Nxc8 Rxc8 20. f4 Nd7 21. Be2 exf4 22. Bxf4 Bf6 23. Bg4 Re8 24. Bxd7 Qxd7 25. Re2 Bd4+ 26. Kh1 a4 27. Qa3 f6 28. Rae1 b5 29. cxb5 Qxb5 30. Qg3 Qd7 31. b3 Rb8 32. bxa4 Rbb6 33. Qd3 Rxa4 34. Rf1 Rba6 35. Qb1 Qa7 36. Qb5 Qe7 37. Bxd6 Qxd6 38. Rb1 Rb4 39. Rxb4 cxb4 40. Rc2 Bc3 41. e5 fxe5 42. Rf2 Ra8 43. Qb7 Rf8 44. Rxf8+ Qxf8 45. Qc7 Bd4 46. Qc4 Qc5 47. Qb3 Qc1+ 48. Kh2 Bg1+ 49. Kh1 Bf2+ 0-1

[Event "GER-chT U20"]
[Site "Hamburg"]
[Date "2001.12.27"]
[Round "3.5"]
[White "Colpe, Helge"]
[Black "Arab, Baha Eldin"]
[Result "1/2-1/2"]
[WhiteElo "1903"]
[BlackElo "1827"]
[PlyCount "60"]
[EventDate "2001.12.26"]
[EventType "team"]
[EventRounds "7"]
[EventCountry "GER"]
[SourceTitle "EXT 2003"]
[Source "ChessBase"]
[SourceDate "2002.11.25"]
[SourceVersion "1"]
[SourceVersionDate "2002.11.25"]
[SourceQuality "1"]

1. d4 Nf6 2. c4 g6 3. Nc3 d5 4. Nf3 Bg7 5. e3 0-0 6. Bd3 c5 7. 0-0 Nc6 8. dxc5 dxc4 9. Bxc4 Qa5 10. a3 Qxc5 11. Ba2 Bg4 12. h3 Rad8 13. Qe2 Bxf3 14. Qxf3 Ne5 15. Qxb7 Rb8 16. Qa6 Rfd8 17. Na4 Qc7 18. b4 Ne4 19. Bb2 Nd2 20. Rac1 Qd7 21. Bxe5 Bxe5 22. Rfd1 Nf3+ 23. Kf1 Qxd1+ 24. Rxd1 Rxd1+ 25. Ke2 Rd2+ 26. Kxf3 Rxa2 27. Nc5 Bd6 28. Nd7 Rd8 29. Qxa7 Bxb4 30. Qc7 Ba5 1/2-1/2